ნორმალური ფორმატი
MARC ფორმატი
ჩანაწერი Personal Name
ჩანაწერთა რაოდენობა, რომელიც გამოყენებულია: 1
001 - CONTROL NUMBER
- control field: 11226
003 - CONTROL NUMBER IDENTIFIER
- control field: GE_BSU
005 - DATE AND TIME OF LATEST TRANSACTION
- control field: 20210412154921.0
008 - FIXED-LENGTH DATA ELEMENTS
- fixed length control field: 210412|| aca||aabn | a|a d
040 ## - CATALOGING SOURCE
- Original cataloging agency: GE_BSU
- Transcribing agency: GE_BSU
100 ## - HEADING--PERSONAL NAME
- Personal name: ვერულიძე, ვ.
- Relator term: მეცნ. ხელმძღვანელი
670 ## - SOURCE DATA FOUND
- Source citation: Work cat.: (GE_BSU)51666: შაინიძე, ეკატერინე 11225, საქართველოს სახელმწიფო საგადასახადო ადმინისტრირების ადგილი ფისკალურ პოლიტიკაში და მისი გავლენა ქვეყნის ეკონომიკურ განვითარებაზე /
